000 00539nam a2200193 a 4500
001 5004
003 CDMR
005 20131210125401.0
008 130130s1953||||||||||||||||||||||||||||d
040 _aCDMR
_bcat
_cCDMR
245 3 _aLa circulation des informations
260 _aZurich
_c1953
_bInstitut International de la Presse
300 _a292 p.
650 0 4 _9257
_aPremsa
_zEstats Units d'Amèrica
650 0 4 _94093
_aPremsa
_zEuropa
650 0 4 _94258
_aPremsa
_zÍndia
650 0 4 _92190
_aComunicació internacional
942 _cMON
_2udc
999 _c5004
_d5004